000
00275nam a2200121Ia 4500
008
180730s9999||||xx |||||||||||||| ||und||
020
_a
9781405328012
082
_a
912
_b
MOR/C
100
_a
Morris, Jan
245
0
_a
Concise ATLAS of The World
300
_a
350p
942
_a
BK
999
_c
2218
_d
2218